000 00863cam a2200277 4500
001 200468078
003 TR-AnTOB
005 20260413143947.0
007 ta
008 260410s1966 nyuc b 000 0 eng d
040 _aDLC
_beng
_erda
_cCarP
_dDLC
_dTR-AnTOB
041 0 _aeng
050 0 0 _aPS1852
_b.S454 1966
090 _aPS1852
_b.S454 1966
100 1 _aHawthorne, Nathaniel,
_d1804-1864.
_eauthor
_928078
245 1 0 _aSelected shorts stories of Nathaniel Hawthorne /
_cedited with an introduction by Alfred Kazin.
264 1 _aNew York :
_bA Fawcett Premier Book,
_c1966.
264 4 _c©1966
300 _a255 pages :
_c18 cm
336 _atext
_btxt
_2rdacontent
337 _aunmediated
_bn
_2rdamedia
338 _avolume
_bnc
_2rdacarrier
700 1 _aKazin, Alfred,
_d1915-1998
_eeditor
_9153600
942 _2lcc
_cBK
999 _c200468078
_d86290